| 000 | 00694nab a2200193 4500 | ||
|---|---|---|---|
| 001 | 244442 | ||
| 003 | OSt | ||
| 005 | 20251006090953.0 | ||
| 007 | tu | ||
| 008 | 200917s2020||||||| | ||
| 040 |
_aDE-2950 _cDE-2950 |
||
| 245 | 0 | 0 |
_aZwei Biografien, zwei Blicke _bOB-Wahl. Am 3. Oktober jährt sich der Tag der Deutschen Einheit zum 35. Mal. Wie die beiden Kandidaten Axel Strasser und Wilko Möller auf die Wiedervereinigung und die Folgen für die Stadt blicken/ _cThomas Meiler |
| 264 | _c2025 | ||
| 653 | _aFrankfurt (Oder) | ||
| 653 | _aOB-Stichwahl | ||
| 653 | _aKandidaten | ||
| 773 | 0 |
_g36. Jahrgang (2025) Nr. 230 vom 02.10.2025, S. 17 mit Foto _tMärkische Oderzeitung |
|
| 942 |
_2z _cA |
||
| 999 |
_c374049 _d374049 |
||